Best Selling Video Games - Statistics

General Stats
  • This quiz has been taken 1,228 times
    1,227 since last reset
  • The average score is 6 of 27
Answer Stats
Sales Console Video Game % Correct
76.76 million Wii Wii Sports
80%
40.24 million NES Super Mario Bros.
61%
12 million Xbox360 Call of Duty: Black Ops
46%
23.64 million Game Boy Pokemon Red/Green/Blue
43%
35 million Game Boy Tetris
41%
15 million Sega Genesis Sonic the Hedgehog
39%
17.33 million PS2 Grand Theft Auto
25%
23 million Game Boy Pokemon Gold/Silver
25%
31.91 million Wii Mario Kart Wii
24%
22.61 million Wii Wii Fit
24%
20.60 million SNES Super Mario World
23%
26.88 million DS New Super Mario Bros.
20%
13 million GBA Pokemon Ruby/Sapphire
20%
29.87 million Wii Wii Sports Resort
20%
12.87 million DS Pokemon Black/White
19%
17.39 million DS Pokemon Diamond/Pearl
19%
27.38 million Wii Wii Play
18%
18 million NES Super Mario Bros. 3
14%
21.04 million DS Mario Kart DS
12%
25.47 million Wii New Super Mario Bros. Wii
12%
23.26 million DS Nintendogs
12%
18.06 million Game Boy Super Mario Land
11%
18.72 million DS Brain Age
5%
18 million Xbox360 Kinect Adventures
5%
20.24 million Wii Wii Fit Plus
5%
13.71 million DS Brain Age 2
3%
14.89 million PS2 Gran Turismo 3
3%
No matching quizzes found
Score Distribution
Percent of People with Each Score
Percentile by Number Answered
Your Score History
You have not taken this quiz since the last reset